[Event "2BLW 1819 SV Mülheim Nord 1931 II - DJ"]
[Site "?"]
[Date "2019.02.24"]
[Round "7.7"]
[White "Marcziter, Dmitrii"]
[Black "Kahleys, Kevin"]
[Result "0-1"]
[WhiteElo "2250"]
[BlackElo "2191"]
[PlyCount "118"]
[EventDate "2019.??.??"]

1. d4 e6 2. c4 Nf6 3. Nf3 d5 4. Nc3 Be7 5. Bg5 c6 6. cxd5 cxd5 7. e3 O-O 8. Bd3
b6 9. Ne5 h6 10. Bh4 Nfd7 11. Bg3 Nxe5 12. Bxe5 Nc6 13. Bg3 Nb4 14. Bb1 Ba6 15.
a3 Nc6 16. Qa4 Qc8 17. Qc2 f5 18. Qd1 Na5 19. Bd3 Bxd3 20. Qxd3 Qc4 21. Qxc4
Nxc4 22. Nb5 Kf7 23. b3 Na5 24. b4 Nc4 25. Ke2 a6 26. Nc3 Rfc8 27. Rhc1 a5 28.
bxa5 Rxa5 29. a4 Ba3 30. Rc2 Bb2 31. Ra2 Bxc3 32. Rxc3 Rca8 33. Rb3 Rxa4 34.
Rxa4 Rxa4 35. Bc7 Ra2+ 36. Ke1 Ra6 37. h4 h5 38. Ke2 Ke7 39. Rb4 Kd7 40. Be5
Ra2+ 41. Kf3 Nxe5+ 42. dxe5 Kc6 43. Rb1 b5 44. g3 Rc2 45. Ra1 b4 46. Ra8 b3 47.
Rb8 b2 48. Kf4 Rxf2+ 49. Kg5 Kc5 50. Kg6 d4 51. exd4+ Kxd4 52. Kxh5 Kxe5 53.
Kg6 Rg2 54. Rb5+ Kd4 55. Kxg7 Kc4 56. Rb8 Rxg3+ 57. Kf6 Rb3 58. Rc8+ Kd3 59.
Rd8+ Ke2 0-1

[Event "2BLW 1819 SV Mülheim Nord 1931 II - DJ"]
[Site "?"]
[Date "2019.02.24"]
[Round "7.8"]
[White "Bus, Tom"]
[Black "Juegel, Marcel"]
[Result "1-0"]
[WhiteElo "2148"]
[BlackElo "2204"]
[PlyCount "103"]
[EventDate "2019.??.??"]

1. Nf3 e6 2. g3 b6 3. Bg2 Bb7 4. O-O f5 5. c4 Nf6 6. d4 g6 7. Nc3 Bg7 8. d5 O-O
9. Bf4 Na6 10. Rc1 Re8 11. dxe6 dxe6 12. Qxd8 Raxd8 13. Ne5 Ne4 14. Nxe4 fxe4
15. h4 c5 16. Rfd1 Nb8 17. Bh3 Rd4 18. e3 Bxe5 19. Bxe5 Rxd1+ 20. Rxd1 Nc6 21.
Bc3 Kf7 22. Rd7+ Re7 23. Rd6 e5 24. g4 Re6 25. Rd7+ Re7 26. g5 Bc8 27. Rxe7+
Nxe7 28. Bxc8 Nxc8 29. Bxe5 Ke6 30. Bg3 Kf5 31. Kf1 Kg4 32. Ke2 Ne7 33. Bb8 Nc6
34. Bg3 Nb4 35. Bb8 Nc6 36. Bg3 Na5 37. b3 Nc6 38. Bf4 Nb4 39. a3 Nc6 40. Kd2
Kxh4 41. Kc3 Kg4 42. b4 Kf5 43. Kb3 a6 44. b5 axb5 45. cxb5 Na5+ 46. Kc3 Ke6
47. Bc7 Kd5 48. a4 Nc4 49. Bd8 Nd6 50. Bxb6 Nc8 51. Bc7 Na7 52. b6 1-0

[Event "2BLW 1819 Bochumer SV 02 - SC Hansa Dor"]
[Site "?"]
[Date "2019.02.24"]
[Round "7.1"]
[White "Heberla, Bartlomiej"]
[Black "Zaitsev, Mikhail"]
[Result "1/2-1/2"]
[WhiteElo "2556"]
[BlackElo "2467"]
[PlyCount "63"]
[EventDate "2019.??.??"]

1. d4 d5 2. c4 dxc4 3. Nf3 Nf6 4. e3 e6 5. Bxc4 a6 6. a4 c5 7. O-O Be7 8. Qe2
cxd4 9. exd4 Nc6 10. Rd1 O-O 11. Nc3 Nb4 12. Bg5 Bd7 13. d5 exd5 14. Nxd5 Nbxd5
15. Bxd5 Nxd5 16. Rxd5 Bxg5 17. Nxg5 h6 18. Qd2 hxg5 19. Rxd7 Qb6 20. a5 Qb3
21. Ra3 Qe6 22. Re3 Qc6 23. h3 Rac8 24. Rc3 Qe4 25. Rg3 Rc5 26. b4 Rb5 27. Rd4
Qe7 28. Re3 Qf6 29. Rf3 Qe7 30. Re3 Qf6 31. Rde4 b6 32. axb6 1/2-1/2

[Event "2BLW 1819 Bochumer SV 02 - SC Hansa Dor"]
[Site "?"]
[Date "2019.02.24"]
[Round "7.2"]
[White "Zatonskih, Anna"]
[Black "Klyuner, Vyacheslav"]
[Result "1-0"]
[WhiteElo "2428"]
[BlackElo "2439"]
[PlyCount "119"]
[EventDate "2019.??.??"]

1. d4 Nf6 2. c4 e6 3. Nf3 Bb4+ 4. Bd2 Qe7 5. g3 O-O 6. Bg2 Bxd2+ 7. Qxd2 d6 8.
Nc3 Re8 9. O-O e5 10. e4 Bg4 11. d5 Bxf3 12. Bxf3 a5 13. a3 Na6 14. Rab1 Nc5
15. b4 axb4 16. axb4 Na4 17. Nd1 Rec8 18. Ne3 g6 19. Rfc1 c5 20. dxc6 Rxc6 21.
Nd5 Qd8 22. Qe3 Nd7 23. Be2 Nab6 24. c5 Nxd5 25. exd5 Rc7 26. c6 Nf6 27. Qb3 b6
28. Ra1 Rca7 29. Rxa7 Rxa7 30. Bb5 Ne8 31. Qe3 Qb8 32. f4 exf4 33. gxf4 Nc7 34.
Bf1 Nxd5 35. Qd4 Ne7 36. b5 Qc8 37. Bg2 Qd8 38. Bh3 d5 39. Re1 Qd6 40. Qxb6 Ra3
41. Bg2 Nf5 42. Qf2 Rb3 43. Rc1 Qc7 44. Qc5 Nd6 45. Qxd5 Rxb5 46. Qd4 Nf5 47.
Qc3 Rb8 48. Qe5 Rc8 49. Bh3 Qxe5 50. fxe5 Rc7 51. Bxf5 gxf5 52. Kf2 f6 53. exf6
Kf7 54. Ke3 Ke6 55. f7 Kxf7 56. Kd4 Ke8 57. Kc5 Rg7 58. Kb6 Kd8 59. Ra1 Rc7 60.
Rg1 1-0

[Event "2BLW 1819 Bochumer SV 02 - SC Hansa Dor"]
[Site "?"]
[Date "2019.02.24"]
[Round "7.3"]
[White "Scholz, Christian"]
[Black "Illner, Achim"]
[Result "1/2-1/2"]
[WhiteElo "2371"]
[BlackElo "2471"]
[PlyCount "125"]
[EventDate "2019.??.??"]

1. d4 d5 2. c4 e6 3. Nc3 Be7 4. Nf3 Nf6 5. e3 O-O 6. Qc2 Nbd7 7. b3 c5 8. cxd5
exd5 9. Be2 a6 10. O-O b5 11. dxc5 Bxc5 12. Bb2 Bb7 13. Rfd1 Rc8 14. Qf5 Bb4
15. Rac1 Qa5 16. Nxd5 Bxd5 17. Rxc8 Rxc8 18. Rxd5 g6 19. Qd3 Qxa2 20. Bxf6 Nxf6
21. Rd8+ Rxd8 22. Qxd8+ Kg7 23. Qd3 Qb2 24. g3 Bc3 25. Bd1 Qa1 26. Kg2 Bb4 27.
Bc2 Qc3 28. Qxc3 Bxc3 29. e4 Nd7 30. Kf1 Nc5 31. Ke2 a5 32. Nd2 g5 33. f3 h5
34. h3 f6 35. f4 a4 36. bxa4 bxa4 37. Nc4 Bb4 38. Kd1 a3 39. Kc1 gxf4 40. gxf4
Ne6 41. f5 Nf4 42. h4 Ng2 43. Bd1 Kh6 44. Kc2 Nxh4 45. Kb3 Kg5 46. Nxa3 Bxa3
47. Kxa3 Ng2 48. e5 fxe5 49. f6 Nf4 50. f7 Ne6 51. Kb4 h4 52. Kc4 Kf4 53. Kd5
Nf8 54. Bc2 h3 55. Be4 h2 56. Bh1 Ng6 57. Bg2 Ne7+ 58. Ke6 Ng6 59. Kd5 Kf5 60.
Bh1 Kf4 61. Bg2 Ke3 62. Bh1 Kf4 63. Bg2 {(3.)} 1/2-1/2

[Event "2BLW 1819 Bochumer SV 02 - SC Hansa Dor"]
[Site "?"]
[Date "2019.02.24"]
[Round "7.4"]
[White "Wolter, Detlev"]
[Black "Wegener, Olaf"]
[Result "1/2-1/2"]
[WhiteElo "2213"]
[BlackElo "2424"]
[PlyCount "43"]
[EventDate "2019.??.??"]

1. d4 Nf6 2. c4 e6 3. Nc3 Bb4 4. e3 c5 5. Bd3 O-O 6. Nge2 d5 7. a3 cxd4 8. exd4
Be7 9. O-O dxc4 10. Bxc4 Nc6 11. Qd3 b6 12. Bf4 Bb7 13. Rad1 Bd6 14. Rfe1 Re8
15. Ba2 Bxf4 16. Nxf4 Qd6 17. Qg3 Rad8 18. d5 Nxd5 19. Nfxd5 Qxg3 20. hxg3 exd5
21. Rxe8+ Rxe8 22. Bxd5 {(=)} 1/2-1/2

[Event "2BLW 1819 Bochumer SV 02 - SC Hansa Dor"]
[Site "?"]
[Date "2019.02.24"]
[Round "7.5"]
[White "Ackermann, Hans Werner"]
[Black "Kiese, Matthias"]
[Result "1/2-1/2"]
[WhiteElo "2253"]
[BlackElo "2214"]
[PlyCount "37"]
[EventDate "2019.??.??"]

1. Nf3 Nf6 2. b3 g6 3. Bb2 Bg7 4. g3 b6 5. Bg2 Bb7 6. c4 c5 7. O-O O-O 8. d4
cxd4 9. Nxd4 Bxg2 10. Kxg2 d5 11. Na3 dxc4 12. Nxc4 Qd5+ 13. Nf3 Qb7 14. Rc1
Na6 15. Rc2 Rfd8 16. Rd2 Rxd2 17. Qxd2 Ne4 18. Qc1 Rd8 19. Bxg7 {(=)} 1/2-1/2

[Event "2BLW 1819 Bochumer SV 02 - SC Hansa Dor"]
[Site "?"]
[Date "2019.02.24"]
[Round "7.6"]
[White "Jellinghaus, Lars"]
[Black "Kotter, Ralf"]
[Result "1/2-1/2"]
[WhiteElo "2239"]
[BlackElo "2361"]
[PlyCount "143"]
[EventDate "2019.??.??"]

1. d4 Nf6 2. c4 e6 3. Nc3 Bb4 4. e3 b6 5. Nge2 c5 6. a3 Ba5 7. Rb1 Na6 8. Ng3
Bb7 9. d5 Bxc3+ 10. bxc3 h5 11. h4 Qc7 12. e4 Qe5 13. Qf3 exd5 14. cxd5 Nxd5
15. Bd3 c4 16. Bxc4 Qxc3+ 17. Qxc3 Nxc3 18. Rb3 Na4 19. Nf5 N6c5 20. Re3 Kf8
21. Nd6 Ke7 22. Nxb7 Nxb7 23. Bd5 Rac8 24. O-O Nbc5 25. Rg3 Rhg8 26. Bg5+ Kf8
27. Rc1 Re8 28. Rf3 Ne6 29. Bxe6 Rxe6 30. Rc8+ Re8 31. Rc7 Nc5 32. Bf4 Ke7 33.
Be3 Rc8 34. Rxa7 Ra8 35. Rc7 Rgc8 36. Rxc8 Rxc8 37. Bd4 f6 38. e5 fxe5 39. Bxe5
Ne6 40. Rg3 Kf7 41. Rb3 Rc1+ 42. Kh2 Rc6 43. Kg1 Rc1+ 44. Kh2 Rc6 45. Rd3 Ke7
46. Rg3 Kf7 47. Rd3 Ke7 48. f3 d6 49. Bg3 g6 50. Bf2 Nc5 51. Rd5 Nd7 52. Bd4
Rc4 53. Bf2 Ra4 54. Rd3 Ke6 55. Kg1 Ne5 56. Rb3 Nc4 57. Bxb6 Nxa3 58. Bf2 Nc4
59. Rb8 Ne5 60. Bg3 Nf7 61. Rg8 Kf6 62. Rf8 d5 63. Rb8 Ra6 64. Bf2 Nh6 65. Rb6+
Rxb6 66. Bxb6 Nf5 67. g4 hxg4 68. fxg4 Nxh4 69. Bd8+ Ke5 70. Bxh4 Kf4 71. Kf2
Kxg4 72. Bf6 1/2-1/2

[Event "2BLW 1819 Bochumer SV 02 - SC Hansa Dor"]
[Site "?"]
[Date "2019.02.24"]
[Round "7.7"]
[White "Kalka, Arkadius Georg"]
[Black "Pewny, Uwe"]
[Result "1-0"]
[WhiteElo "2331"]
[BlackElo "2204"]
[PlyCount "83"]
[EventDate "2019.??.??"]

1. e4 d6 2. d4 Nf6 3. Nc3 Nbd7 4. f4 e5 5. dxe5 dxe5 6. fxe5 Nxe5 7. Qxd8+ Kxd8
8. Nf3 Nfd7 9. Nxe5 Nxe5 10. Bf4 Bd6 11. O-O-O Bd7 12. Bb5 Re8 13. Rhf1 f6 14.
Bxd7 Kxd7 15. g4 a6 16. Nd5 Kc6 17. h4 Nxg4 18. Bxd6 cxd6 19. Rf3 Rad8 20. Rc3+
Kd7 21. Rc7+ Ke6 22. Rxg7 Nf2 23. Nc7+ Ke5 24. Nxe8 Rxe8 25. Rd5+ Kxe4 26. Rxd6
Kf5 27. c3 h5 28. Rd5+ Kf4 29. Rxh5 Re1+ 30. Kd2 Rh1 31. Rxb7 f5 32. Rf7 Ne4+
33. Kc2 Ng3 34. Rg5 Rh3 35. b4 Ke4 36. a4 f4 37. b5 axb5 38. axb5 Rh2+ 39. Kb3
Ne2 40. Re7+ Kf3 41. b6 Nc1+ 42. Kc4 1-0

[Event "2BLW 1819 Bochumer SV 02 - SC Hansa Dor"]
[Site "?"]
[Date "2019.02.24"]
[Round "7.8"]
[White "Heinbuch, Detlef Ulrich"]
[Black "Sundorf, Jannik"]
[Result "0-1"]
[WhiteElo "2289"]
[BlackElo "2176"]
[PlyCount "118"]
[EventDate "2019.??.??"]

1. e4 c5 2. Nc3 Nc6 3. g3 g6 4. Bg2 Bg7 5. d3 d6 6. Be3 Nf6 7. h3 O-O 8. Qd2
Nd4 9. Nd1 e5 10. c3 Nc6 11. Ne2 Be6 12. O-O Qd7 13. Kh2 b6 14. c4 Ne8 15. Ndc3
f5 16. f4 Nf6 17. Nd5 Rae8 18. Nec3 Nd4 19. fxe5 dxe5 20. Rf2 Rf7 21. Raf1 Ref8
22. Bg5 Ne8 23. exf5 gxf5 24. Bh6 Kh8 25. Re1 Qd6 26. Bxg7+ Rxg7 27. Qe3 Bxd5
28. Bxd5 Re7 29. Ne2 Nc2 30. Qd2 Nxe1 31. Qxe1 Nc7 32. Nc3 Rg7 33. Rf3 b5 34.
Qf2 Nxd5 35. Nxd5 Rgf7 36. b3 b4 37. Kg2 Qc6 38. Re3 Re8 39. Kh2 Qd6 40. Rf3
Ref8 41. Kg2 Kg8 42. Qe3 f4 43. gxf4 exf4 44. Qf2 a5 45. Kh2 Rf5 46. Kg2 Rxd5
47. cxd5 Qxd5 48. Kh2 Qe5 49. Qf1 Rf6 50. Qf2 Kf7 51. Qc2 h6 52. Qc4+ Ke7 53.
Qc2 Re6 54. Qg2 Kd6 55. h4 Kc7 56. Kh3 Kb6 57. Qg4 h5 58. Qg8 Qf5+ 59. Kg2 Rg6+
0-1

[Event "2BLW 1819 SC Remagen Sinzig - SG Soling"]
[Site "?"]
[Date "2019.02.24"]
[Round "7.2"]
[White "Popovic, Petar"]
[Black "Schlecht, Daniel"]
[Result "1/2-1/2"]
[WhiteElo "2440"]
[BlackElo "2372"]
[PlyCount "23"]
[EventDate "2019.??.??"]

1. e4 c6 2. d3 d5 3. Nd2 e5 4. Ngf3 Bd6 5. g3 Nf6 6. Bg2 O-O 7. O-O Re8 8. h3
Nbd7 9. Nh4 Nf8 10. Re1 a5 11. a4 Be6 12. Nhf3 1/2-1/2

[Event "2BLW 1819 SC Remagen Sinzig - SG Soling"]
[Site "?"]
[Date "2019.02.24"]
[Round "7.3"]
[White "Schaefer, Markus"]
[Black "Petrisor, Adrian-Marian"]
[Result "0-1"]
[WhiteElo "2382"]
[BlackElo "2427"]
[PlyCount "81"]
[EventDate "2019.??.??"]

1. e4 e5 2. Nf3 Nc6 3. d4 exd4 4. Nxd4 Nf6 5. Nxc6 bxc6 6. Qe2 a5 7. e5 Nd5 8.
Nd2 Ba6 9. c4 Qe7 10. a3 Nb6 11. Qe4 g6 12. Bd3 Bg7 13. f4 O-O 14. O-O d5 15.
cxd5 cxd5 16. Qe2 Bxd3 17. Qxd3 c5 18. Nf3 Qd7 19. Bd2 a4 20. Rac1 Rfc8 21.
Rfe1 d4 22. f5 Qxf5 23. Qxf5 gxf5 24. Nh4 Nd7 25. Nxf5 Re8 26. Nxg7 Kxg7 27.
Bf4 Re6 28. Re2 Rae8 29. Kf1 Nxe5 30. Rxc5 Nd3 31. Rxe6 Rxe6 32. Rg5+ Kf6 33.
Bd2 Re1+ 34. Bxe1 Kxg5 35. Bf2 Nxf2 36. Kxf2 Kf4 37. Ke2 Ke4 38. g4 d3+ 39. Kd2
f6 40. h3 Kd4 41. h4 0-1

[Event "2BLW 1819 SC Remagen Sinzig - SG Soling"]
[Site "?"]
[Date "2019.02.24"]
[Round "7.4"]
[White "Polaczek, Richard"]
[Black "Berg, Michael"]
[Result "1-0"]
[WhiteElo "2379"]
[BlackElo "2320"]
[PlyCount "55"]
[EventDate "2019.??.??"]

1. d4 Nf6 2. Nf3 g6 3. Bg5 Bg7 4. Nbd2 d5 5. c3 c6 6. e3 Nbd7 7. Be2 b6 8. O-O
Bb7 9. c4 h6 10. Bh4 O-O 11. cxd5 cxd5 12. Rc1 Ne8 13. Bg3 a6 14. Qb3 e6 15.
Rc2 Rc8 16. Rfc1 Rxc2 17. Rxc2 Bf6 18. Ne1 Be7 19. Nd3 Qa8 20. Nf3 Bd8 21. Qa3
Nef6 22. Nfe5 Nxe5 23. Bxe5 Nd7 24. Bd6 Re8 25. Nb4 a5 26. Bb5 Be7 27. Bxe7
Rxe7 28. Nxd5 1-0

[Event "2BLW 1819 SC Remagen Sinzig - SG Soling"]
[Site "?"]
[Date "2019.02.24"]
[Round "7.5"]
[White "Michalczak, Thomas"]
[Black "Alienkin, Aleksander"]
[Result "1/2-1/2"]
[WhiteElo "2247"]
[BlackElo "2382"]
[PlyCount "42"]
[EventDate "2019.??.??"]

1. e4 c5 2. c3 e6 3. d4 d5 4. exd5 exd5 5. Nf3 Nc6 6. Bb5 Bd6 7. O-O Nge7 8.
dxc5 Bxc5 9. Nbd2 O-O 10. Nb3 Bd6 11. Bd3 h6 12. h3 Bf5 13. Bxf5 Nxf5 14. Nbd4
Qf6 15. Nxf5 Qxf5 16. Nd4 Qe5 17. Nf3 Qf5 18. Nd4 Qd7 19. Re1 Rad8 20. Qd3 Bb8
21. Be3 Ne5 1/2-1/2

[Event "2BLW 1819 SC Remagen Sinzig - SG Soling"]
[Site "?"]
[Date "2019.02.24"]
[Round "7.6"]
[White "Huhndorf, Arnold"]
[Black "Hobusch, Jan"]
[Result "1/2-1/2"]
[WhiteElo "2244"]
[BlackElo "2227"]
[PlyCount "42"]
[EventDate "2019.??.??"]

1. d4 d5 2. c4 dxc4 3. Nf3 a6 4. e3 b5 5. a4 Bb7 6. axb5 axb5 7. Rxa8 Bxa8 8.
b3 e6 9. bxc4 bxc4 10. Bxc4 Nf6 11. O-O Be7 12. Ne5 O-O 13. Qa4 Nbd7 14. Nc6
Bxc6 15. Qxc6 Nb8 16. Qb5 c6 17. Qb7 c5 18. Rd1 Nbd7 19. dxc5 Nxc5 20. Rxd8
Nxb7 21. Rxf8+ Kxf8 1/2-1/2

[Event "2BLW 1819 SC Remagen Sinzig - SG Soling"]
[Site "?"]
[Date "2019.02.24"]
[Round "7.7"]
[White "Gupta, Milon"]
[Black "Busch, Raimund"]
[Result "1-0"]
[WhiteElo "2164"]
[BlackElo "2219"]
[PlyCount "79"]
[EventDate "2019.??.??"]

1. d4 Nf6 2. Nf3 e6 3. e3 c5 4. Bd3 Nc6 5. O-O d5 6. b3 cxd4 7. exd4 Bd6 8. Bb2
Qc7 9. c4 Nb4 10. Be2 Ne4 11. c5 Bf4 12. g3 Bh6 13. Nc3 Nxc3 14. Bxc3 Nc6 15.
b4 O-O 16. b5 Ne7 17. Bd2 Bxd2 18. Qxd2 f6 19. Qc3 Ng6 20. h4 e5 21. h5 exd4
22. Qxd4 Ne7 23. Rfe1 Be6 24. Nh4 Qd7 25. Bf3 Bf7 26. h6 gxh6 27. Qxf6 Rae8 28.
Qxh6 Ng6 29. Qg5 Qd8 30. Qxd8 Rxd8 31. Nf5 Be8 32. Nd4 Bf7 33. Bg4 Rfe8 34. c6
bxc6 35. bxc6 Re7 36. Rxe7 Nxe7 37. c7 Rf8 38. Rb1 h5 39. Bh3 Be8 40. Re1 1-0

[Event "2BLW 1819 SC Remagen Sinzig - SG Soling"]
[Site "?"]
[Date "2019.02.24"]
[Round "7.8"]
[White "Suranyi, Pal"]
[Black "Kniest, Oliver"]
[Result "0-1"]
[WhiteElo "2046"]
[BlackElo "2288"]
[PlyCount "48"]
[EventDate "2019.??.??"]

1. d4 Nf6 2. Nf3 e6 3. c4 d5 4. g3 dxc4 5. Bg2 Nc6 6. O-O Rb8 7. Qc2 b5 8. Rd1
Bb7 9. Nc3 a6 10. Bg5 Be7 11. a3 Na5 12. e4 Nb3 13. Rab1 O-O 14. Bxf6 Bxf6 15.
Ne2 g6 16. Qc3 Bxe4 17. Ne5 Bxb1 18. Nc6 Qd6 19. Nxb8 Bd3 20. Nf4 Bxd4 21. Rxd3
Bxc3 22. Rxd6 cxd6 23. Nxa6 Bxb2 24. Bc6 Nd4 0-1

[Event "2BLW 1819 TSV Schott Mainz - SG Solinge"]
[Site "?"]
[Date "2019.03.24"]
[Round "8.1"]
[White "Jussupow, Artur"]
[Black "Lobron, Eric"]
[Result "1/2-1/2"]
[WhiteElo "2561"]
[BlackElo "2507"]
[PlyCount "75"]
[EventDate "2019.??.??"]

1. d4 Nf6 2. c4 e6 3. Nc3 Bb4 4. e3 O-O 5. Bd3 d5 6. Nf3 c5 7. O-O Nc6 8. cxd5
exd5 9. dxc5 Bxc5 10. h3 Qe7 11. b3 Rd8 12. Bb2 d4 13. exd4 Nxd4 14. Na4 Nxf3+
15. Qxf3 Bd4 16. Bxd4 Rxd4 17. Rad1 Rd8 18. Bc4 Be6 19. Bxe6 fxe6 20. Nb2 Rd5
21. Nc4 Rad8 22. Ne3 Rxd1 23. Rxd1 Rxd1+ 24. Qxd1 b5 25. Qc2 h5 26. Nf1 Qd6 27.
Nh2 Qd5 28. Nf3 Ne4 29. h4 b4 30. Qc8+ Kh7 31. Qe8 Qd1+ 32. Kh2 Qd6+ 33. g3 Qc5
34. Ng5+ Nxg5 35. Qxh5+ Kg8 36. Qe8+ Kh7 37. Qh5+ Kg8 38. Qe8+ 1/2-1/2

[Event "2BLW 1819 TSV Schott Mainz - SG Solinge"]
[Site "?"]
[Date "2019.03.24"]
[Round "8.2"]
[White "Balcerak, Jakob"]
[Black "Schlecht, Daniel"]
[Result "1-0"]
[WhiteElo "2469"]
[BlackElo "2377"]
[PlyCount "101"]
[EventDate "2019.??.??"]

1. d4 d5 2. c4 e6 3. Nc3 Nf6 4. cxd5 exd5 5. Bg5 c6 6. e3 Be7 7. Bd3 Nbd7 8.
Qc2 h6 9. Bh4 Nh5 10. Bxe7 Qxe7 11. O-O-O Nb6 12. h3 Be6 13. Nf3 O-O-O 14. Ne5
Kb8 15. Kb1 Nf6 16. f4 Rc8 17. Qf2 Ka8 18. Rhe1 Rhd8 19. f5 Bd7 20. e4 dxe4 21.
Bxe4 Nxe4 22. Nxe4 Qf8 23. Nc5 Be8 24. Qg3 Nd7 25. Qe3 Nxe5 26. dxe5 Qe7 27.
Rxd8 Rxd8 28. f6 gxf6 29. exf6 Qxf6 30. Qxe8 b6 31. Qe5 Qxe5 32. Rxe5 bxc5 33.
Kc2 Rd5 34. Re8+ Kb7 35. Re7+ Kb6 36. Rxf7 h5 37. Rf4 Kc7 38. g4 hxg4 39. hxg4
a5 40. Rf2 Kd6 41. Re2 Rg5 42. Re4 Kd5 43. Kd3 Rg8 44. b3 Rg7 45. Ke3 Rg8 46.
Kf3 Rg7 47. Ra4 Ra7 48. Kf4 Rf7+ 49. Kg5 Rf2 50. Rxa5 Kd4 51. Kg6 1-0

[Event "2BLW 1819 TSV Schott Mainz - SG Solinge"]
[Site "?"]
[Date "2019.03.24"]
[Round "8.3"]
[White "Schaefer, Markus"]
[Black "Cicak, Slavko"]
[Result "1/2-1/2"]
[WhiteElo "2380"]
[BlackElo "2485"]
[PlyCount "108"]
[EventDate "2019.??.??"]

1. e4 g6 2. d4 Bg7 3. Nf3 d6 4. c3 Nf6 5. Qc2 O-O 6. Be2 Nc6 7. Nbd2 Nd7 8. O-O
e5 9. dxe5 Ndxe5 10. Nxe5 Nxe5 11. Nc4 Nd7 12. Re1 b6 13. Bf1 Bb7 14. Bf4 Re8
15. f3 Qe7 16. Qd2 Rad8 17. Rad1 Qe6 18. Qf2 Ne5 19. b3 Nxc4 20. Bxc4 Qf6 21.
Bd2 Qe5 22. Rc1 Qa5 23. b4 Qa3 24. Rc2 Qa4 25. Bg5 Ra8 26. Qe2 Qd7 27. Rd1 h6
28. Bc1 Kh7 29. Qd3 Bc6 30. b5 Bb7 31. a4 Rad8 32. Ra2 Qe7 33. Re2 d5 34. exd5
Qxe2 35. Qxe2 Rxe2 36. Bxe2 Bxc3 37. Bc4 Be5 38. Kf2 h5 39. g3 Kg8 40. Be3 Ra8
41. Rd2 a6 42. d6 Bxd6 43. Bxb6 axb5 44. Bxb5 Bxg3+ 45. hxg3 cxb6 46. Rd6 Ba6
47. Rxb6 Bxb5 48. axb5 Ra3 49. f4 Rb3 50. Kg2 Kg7 51. Kf2 Kh6 52. Rb7 Kg7 53.
Rb6 Kh6 54. Rb7 Kg7 1/2-1/2

[Event "2BLW 1819 TSV Schott Mainz - SG Solinge"]
[Site "?"]
[Date "2019.03.24"]
[Round "8.4"]
[White "Schenderowitsch, Michael"]
[Black "Michalczak, Thomas"]
[Result "1/2-1/2"]
[WhiteElo "2330"]
[BlackElo "2239"]
[PlyCount "172"]
[EventDate "2019.??.??"]

1. d4 Nf6 2. c4 g6 3. Nf3 Bg7 4. g3 d5 5. cxd5 Nxd5 6. Bg2 Nb6 7. Nc3 Nc6 8. e3
O-O 9. O-O Re8 10. d5 Nb4 11. e4 e6 12. a3 Na6 13. Bg5 f6 14. Bf4 e5 15. Bc1
Bd7 16. b4 Nc4 17. Qb3 Nd6 18. Be3 f5 19. b5 f4 20. bxa6 fxe3 21. fxe3 Bh6 22.
Rfe1 bxa6 23. Nd2 Rb8 24. Qa2 Rf8 25. Nc4 Nxc4 26. Qxc4 Qf6 27. Ra2 Bb5 28.
Nxb5 axb5 29. Qc5 Qd6 30. Rc2 Qxc5 31. Rxc5 Rf7 32. Bh3 Bf8 33. Rc6 Kh8 34. Be6
Rg7 35. Ra1 Rb6 36. Kf2 Rxc6 37. dxc6 Re7 38. Bd5 Re8 39. Ke2 Rb8 40. Kd3 Bc5
41. Ra2 Rf8 42. Ke2 Rb8 43. Kd3 Rb6 44. a4 bxa4 45. Rxa4 Rb1 46. Ra2 Rd1+ 47.
Ke2 Rh1 48. Kd3 Kg7 49. Rf2 Kh6 50. Bg8 Kg7 51. Bd5 Bb6 52. Rb2 Kf6 53. Rf2+
Kg5 54. Be6 Rd1+ 55. Ke2 Rc1 56. h4+ Kh5 57. Bd7 Rc2+ 58. Kf3 Rc3 59. Re2 a5
60. Bg4+ Kh6 61. Bd7 a4 62. Be6 Rxc6 63. Bd7 Rc4 64. Ra2 Rc3 65. Rxa4 Bxe3 66.
Kg2 Rc2+ 67. Kf3 Bd4 68. Be6 Rf2+ 69. Kg4 Re2 70. Bd5 Kg7 71. h5 Rh2 72. hxg6
Kxg6 73. Ra6+ Bb6 74. Ra2 h5+ 75. Kf3 Rh1 76. Rc2 Rf1+ 77. Kg2 Rg1+ 78. Kf3 Kg5
79. Be6 Rf1+ 80. Kg2 Rf6 81. Bf5 Rd6 82. Kf3 Rd3+ 83. Kg2 Ba5 84. Rc6 Rd6 85.
Rxd6 cxd6 86. Be6 Be1 1/2-1/2

[Event "2BLW 1819 TSV Schott Mainz - SG Solinge"]
[Site "?"]
[Date "2019.03.24"]
[Round "8.5"]
[White "Hobusch, Jan"]
[Black "Goebel, Constantin"]
[Result "1/2-1/2"]
[WhiteElo "2229"]
[BlackElo "2246"]
[PlyCount "79"]
[EventDate "2019.??.??"]

1. d4 Nf6 2. Bf4 d5 3. e3 c6 4. c4 e6 5. Nc3 Bd6 6. Bg3 Qe7 7. Nf3 Nbd7 8. Ne5
O-O 9. Bd3 Rd8 10. Qe2 Ne8 11. O-O Nf8 12. f4 f6 13. Nf3 f5 14. c5 Bc7 15. Bh4
Nf6 16. Ne5 Qe8 17. g4 Ng6 18. Bxf6 gxf6 19. Nxg6 hxg6 20. Kh1 Kf7 21. Rg1 Qh8
22. Rg2 Rg8 23. b4 Bd7 24. b5 Qh4 25. Rb1 Rab8 26. gxf5 exf5 27. Qf3 Rh8 28.
Bc2 g5 29. Bb3 Be6 30. b6 axb6 31. cxb6 Bd6 32. Ne2 Rbg8 33. Rf1 g4 34. Qg3 Ra8
35. Qxh4 Rxh4 36. Ng3 Ra3 37. Bc2 Rxe3 38. Nxf5 Bxf5 39. Bxf5 g3 40. Bc8
1/2-1/2

[Event "2BLW 1819 TSV Schott Mainz - SG Solinge"]
[Site "?"]
[Date "2019.03.24"]
[Round "8.6"]
[White "Lisanti, Andre"]
[Black "Gupta, Milon"]
[Result "1-0"]
[WhiteElo "2207"]
[BlackElo "2176"]
[PlyCount "111"]
[EventDate "2019.??.??"]

1. e4 e5 2. Nf3 Nf6 3. Nxe5 d6 4. Nf3 Nxe4 5. Nc3 Nxc3 6. dxc3 Be7 7. Bf4 Nc6
8. Qd2 Be6 9. O-O-O Qd7 10. Kb1 a6 11. Be2 Rg8 12. Rhe1 h6 13. b3 O-O-O 14. Nd4
Nxd4 15. cxd4 d5 16. Qa5 Bd6 17. Be5 f6 18. Bxd6 Qxd6 19. Qc5 Kb8 20. Bf3 c6
21. Kb2 Kc7 22. Re3 Qxc5 23. dxc5 Bd7 24. c4 Rge8 25. cxd5 cxd5 26. Rxd5 Rxe3
27. fxe3 Re8 28. Rd3 Bf5 29. Rc3 g5 30. Kc1 g4 31. Be2 h5 32. Kd2 Be4 33. g3
Re5 34. b4 Bc6 35. a3 Rf5 36. Ke1 Re5 37. Kf2 Rf5+ 38. Kg1 Re5 39. Bf1 Rf5 40.
Bd3 Re5 41. Kf2 Rd5 42. e4 Re5 43. Ke3 Re8 44. Kf4 Rd8 45. Kf5 Rd4 46. Kxf6
Bxe4 47. Bxe4 Rxe4 48. Kg6 Re5 49. Rc2 Kc6 50. Rf2 Kb5 51. Rf7 Ka4 52. Rxb7
Kxa3 53. Rb6 Ka4 54. c6 Re2 55. c7 Rc2 56. Rb7 1-0

[Event "2BLW 1819 TSV Schott Mainz - SG Solinge"]
[Site "?"]
[Date "2019.03.24"]
[Round "8.7"]
[White "Zolfagharian, Kevin"]
[Black "Gohil, Harry"]
[Result "1/2-1/2"]
[WhiteElo "2191"]
[BlackElo "2235"]
[PlyCount "127"]
[EventDate "2019.??.??"]

1. e4 c5 2. Nf3 Nc6 3. d4 cxd4 4. Nxd4 e5 5. Nb5 d6 6. N1c3 a6 7. Na3 Be7 8.
Nc4 b5 9. Ne3 Nf6 10. Bd3 O-O 11. O-O Be6 12. Ncd5 Nd7 13. c3 Bg5 14. a4 bxa4
15. Rxa4 Nc5 16. Ra3 a5 17. Bc2 Qb8 18. Re1 Ra7 19. Qh5 f6 20. b4 axb4 21. cxb4
Nxb4 22. Rxa7 Nxc2 23. Ne7+ Kh8 24. Ng6+ Kg8 25. Ne7+ Kh8 26. Ng6+ Kg8 27. Nxf8
Kxf8 28. Nxc2 Qxa7 29. Bxg5 fxg5 30. Qxg5 Qa4 31. Ne3 Nxe4 32. Qh4 Qa5 33. Rb1
Nf6 34. h3 Qc7 35. Qa4 Kf7 36. Qa6 Bc8 37. Qc4+ Qxc4 38. Nxc4 Ke6 39. Rb6 Ne8
40. f3 Kd5 41. Rb8 Bd7 42. Nb6+ Ke6 43. Nxd7 Kxd7 44. Kf2 Ke7 45. Ke3 Nf6 46.
Rb7+ Nd7 47. f4 g6 48. g4 exf4+ 49. Kxf4 h6 50. Ra7 Ke6 51. h4 Ne5 52. Rh7 Kf6
53. g5+ hxg5+ 54. hxg5+ Ke6 55. Rg7 Nd3+ 56. Ke3 Ne5 57. Ke4 d5+ 58. Kf4 Nd3+
59. Kg3 Kf5 60. Rd7 Ke4 61. Rd6 Ne5 62. Rf6 d4 63. Kf2 d3 64. Ke1 1/2-1/2

[Event "2BLW 1819 TSV Schott Mainz - SG Solinge"]
[Site "?"]
[Date "2019.03.24"]
[Round "8.8"]
[White "Siebenhaar, Erich"]
[Black "Wickenfeld, Stefan"]
[Result "0-1"]
[WhiteElo "2044"]
[BlackElo "2222"]
[PlyCount "132"]
[EventDate "2019.??.??"]

1. d4 d5 2. Nf3 Nf6 3. e3 g6 4. Bd3 Bg7 5. O-O O-O 6. h3 b6 7. b3 Bb7 8. Bb2 c5
9. c4 Nbd7 10. Nbd2 Rc8 11. Rc1 e6 12. Qe2 Qe7 13. Ne5 Nxe5 14. dxe5 Nd7 15. f4
Nb8 16. Nf3 Rcd8 17. Rcd1 Nc6 18. cxd5 Rxd5 19. Bc4 Rxd1 20. Rxd1 Rd8 21. Bc3
Bf8 22. Rxd8 Qxd8 23. Qd2 Qc7 24. Qd3 Ne7 25. Kf2 Nd5 26. Bd2 Qe7 27. a3 Nc7
28. Ng5 Kg7 29. Ne4 b5 30. Nd6 bxc4 31. Qxc4 Qd7 32. Qxc5 Qc6 33. Qxc6 Bxc6 34.
a4 a6 35. e4 Ne8 36. Bb4 Nxd6 37. exd6 f6 38. e5 fxe5 39. fxe5 Kf7 40. Bd2 Bg7
41. Bf4 Ke8 42. g4 a5 43. Ke3 Bd5 44. Kd4 Bxb3 45. Kc5 Bxa4 46. Kb6 g5 47. Bh2
Kd7 48. Kxa5 Bc6 49. Kb6 Bg2 50. h4 gxh4 51. Bf4 h3 52. g5 h6 53. gxh6 Bxh6 54.
Bh2 Be3+ 55. Kb5 Bf1+ 56. Kb4 Bd4 57. Kb3 Bd3 58. Kb4 Kc6 59. Kb3 Bb5 60. Kb4
Bc5+ 61. Ka5 Be3 62. Kb4 Bd2+ 63. Kb3 Kd5 64. Kc2 Be3 65. Kc3 Bd4+ 66. Kb4 Bd7
0-1